000 00295nam a2200109 a 4500
005 20201002034514.0
008 130911s1999 000 spa d
020 _a8487265936
245 0 _aPrimeras Vanguardias Artísticas : Textos y Documentos.
260 _aBarcelona,
_c1999.
999 _c40444
_d40444
040 _aDO-SdBNP